| 000 | 01244cad a22002535a 4500 | ||
|---|---|---|---|
| 001 | E150921 | ||
| 008 | 100915s2009 xxk f 100 0 eng d | ||
| 020 | _a9781842195192 | ||
| 035 | _a(Sirsi) u150921 | ||
| 041 | 0 | _aeng | |
| 100 | 1 | _aLee, Cynthia Chin Tian | |
| 111 | 2 |
_aConstruction and Building Research Conference _cUniversity of Cape Town _d10-11 September 2009 |
|
| 245 | 0 | 0 |
_aEarly career training of quantity surveying professionals _h[electronic resource] |
| 260 |
_aLondon _bRICS _c2009 |
||
| 520 | _aDiscusses issue of learning and development for new graduates in their early career. Finds that new graduates exhibit a high level of self-doubt in professional competence, and that task competence is influenced by frequency of application. Also suggests that employer type has an impact on levels of employer support. | ||
| 590 | _aKA | ||
| 650 | 2 | 4 | _aCONSTRUCTION AND BUILDING RESEARCH CONFERENCE (COBRA) |
| 651 | 4 | _aInternational | |
| 690 | _aCAREERS, EDUCATION AND TRAINING-CAREERS IN SURVEYING | ||
| 690 |
_aQuantity surveying _96263 |
||
| 700 | 1 | _aHogg, Keith | |
| 856 | 4 | 0 |
_uhttps://www.rics.org/site/scripts/download_info.aspx?fileID=5064&categoryID=524 _zView the item free of charge at www.rics.org |
| 942 | _n0 | ||
| 999 |
_c111025 _d111025 |
||